000 00642cam a2200217 a 4500
001 000018362
005 20200929165456.0
008 000906s2001 nyua 000 1 eng d
020 _a0312979517
040 _aDO-SdBNP
_cDLC
_dDLC
_dBNPHU
043 _an-us-ca
082 _a813.54
_bC224t
100 1 _aCannell, Stephen J.,
_939768
245 1 4 _aThe tin collectors /
_cStephen J. Cannell.
260 _aNew York :
_bSt. Martin's Paperbacks,
_c2001.
300 _ax, 370 p. :
_bill. ;
_c18cm.
650 4 _aNovela estadounidense
_9262
650 4 _aLiteratura estadounidense
_9263
910 _aCatalogación derivada / LC
049 _aBNGR
999 _c17883
_d17883